Регионална библиотека "Любен Каравелов" - Русе

Пъстри приказалки (Запис номер 85283)

MARC детайли
000 -Лидер
Контролно поле с фиксирана дължина 01272nam a2200337 c 4500
003 - Код на организацията, давaща контролен номер
Контролно поле BLK
005 - Дата и час на последна редакция
Контролно поле 20250628105351.0
008 - Елементи от данни с фиксирана дължина
fixed length control field 180408b bul|||||r ||||||| ||bul||
010 ## - Наследен системен номер
LC control number KNG00089883000
020 ## - Международен стандартен номер на книга ISBN
Международен стандартен номер на книга ISBN 978-954-491-441-7
-- издат.: Жанет 45
040 ## - Източник на каталожния запис
Идентификатор на билиотеката - собственик на записа BLK
041 ## - Код за език
Код за езика на текст/звукозапис или на отделно заглавие Български
Код за езика КДБФ Български
080 ## - УДК
Текстов определител УДК Българска литература
УДК код - определител по УДК 821.163.2
УДК определител -93-1
УДК - код + определител 821.163.2-93-1
100 1# - Редна дума - Автор
Автор Дългъчева, Мая Георгиева
R(LIN) 289222
139 ## - Редно поле
Редна дума Дългъчева, Мая Георгиева
Авторски знак Дъ - Д 95
245 10 - Сведения за заглавието
Заглавие Пъстри приказалки
Подзаглавни данни Римувани приказки
Редно поле (дума) Мая Георгиева Дългъчева; ил. Капка Кънева.
257 ## - Страна на издаване
Страна на създаване/издаване България
260 ## - Област на издателските данни
-- Пловдив
Име на издателя, разпространителя и проч. Жанет 45
Година на издаване 2008
300 ## - Физическа характеристика
Страници 24 с.
Илюстрации и др. с цв. ил.
Размери/Мащаб 22Х22 см
380 ## - Жанр
Жанр Детска худож. лит.
653 ## - Ключова дума – ненормативна
Ключова дума приказки
653 ## - Ключова дума – ненормативна
Ключова дума литература за деца
653 ## - Ключова дума – ненормативна
Ключова дума детска литература
700 1# - Други автори (авторска отговорност)
Лично име Кънева, Капка
Автороска отговорност (Описва отношението между автора и произведението) ил.
9 (RLIN) 372738
852 ## - Местоположение
Форматна сигнатура Цб 244254
856 4# - Електронен адрес и достъп
Електронен формат pdf - файл
Път до файла /url/
856 4# - Електронен адрес и достъп
Електронен формат pdf - файл
Път до файла /url/
942 ## - АРТИКУЛИ
Вид на библиотечния материал Книги
Скрит в OPAC Не
Koha issues (borrowed), all copies 38
944 ## - СЪЗДАВАНЕ И РЕДАКЦИЯ на ЗАПИСА
Създаване/Редакция Създаване
Дата на регистрацията/редакция 12.06.2009
Статус, дата на статуса Русанова Ирена
Служител, извършил регистрацията/редакцията 30542
944 ## - СЪЗДАВАНЕ И РЕДАКЦИЯ на ЗАПИСА
Създаване/Редакция Редакция
Дата на регистрацията/редакция 05.01.2018
Статус, дата на статуса ф /
Служител, извършил регистрацията/редакцията Людмила_Стоянова
999 ## - СИСТЕМНИ КОНТРОЛНИ НОМЕРА
Koha biblionumber 85283
Koha biblioitemnumber 85283
Наличности
Код за отписване Код за изгубен артикул Код за повреда Коз за рестрикции Код за отдаване Артикулен № Име на библиотеката - собственик Име на библиотеката, в която се намира в момента Статус (Текущо местоположение) Дата на вписване в системата Местоположение - отдел Цена в лева Инвентарен номер Систематично азбучна сигнатура Баркод Номер на екземпляра Цена в евро Служебна бележка Служебен тип на артикула Източник на класификационната схема
  Не е изгубен Не е повреден без рестрикции ползва се в читалня 138382 Регионална библиотека "Любен Каравелов" Русе Регионална библиотека "Любен Каравелов" Русе Хранилище 2009-06-12 Хранилище 5.50 120000736120 Цб 244254 120000736120 1 2.81 Дост: Dp Вид: Д N: 1 Дата: 04.12.2008 Книги  
  Не е изгубен Не е повреден без рестрикции заемане за дома 138383 Регионална библиотека "Любен Каравелов" Русе Регионална библиотека "Любен Каравелов" Русе Детски отдел 2017-12-15 Детски отдел 5.50 120000818420 ДХ 886.7/Д 95 120000818420 2 2.81 Дост: Pk Вид: Ф N: 498 Дата: 15.12.2017 Книги Universal Decimal Classification
  Не е изгубен Не е повреден без рестрикции заемане за дома 138384 Регионална библиотека "Любен Каравелов" Русе Регионална библиотека "Любен Каравелов" Русе Детски отдел 2017-12-15 Детски отдел 5.50 120000818421 ДХ 886.7/Д 95 120000818421 3 2.81 Дост: Pk Вид: Ф N: 498 Дата: 15.12.2017 Книги Universal Decimal Classification
Vip Innovations Ltd, Rousse, Bulgaria 2025